000 00534nam a2200169 i 4500
001 42373
003 ES-MaACL
005 20250814063213.0
007 t|
008 030313s1972 sp ||||1| spa d
100 1 _aCastillo-Puche, José Luis,
_d1919-2004
_936763
245 1 0 _aDe dentro de la piel
_b: (narraciones cortas) /
_c[José Luis Castillo-Puche].
260 _a[Madrid :
_bEditora Nacional :
_bJ. Benita,
_c1972]
300 _a297 p. ;
_c22 cm.
852 _aES-MaACL
_jC-43370
_bR.82630
999 _c42373
_d42373